Jednostranné akty štátov ako prameň medzinárodného práva bakalárska práca

Saved in:
Bibliographic Details
Main Author: Horváth, Miroslav
Corporate Author: Fakulta medzinárodných vzťahov EU. Katedra medzinárodného práva
Other Authors: Harakaľová, Dorota, 1989-
Format: Book
Language:Slovak
Published: Bratislava 2022
Tags: Add Tag
No Tags, Be the first to tag this record!

MARC

LEADER 00000nbm a2200000 4500
001 0285267
005 20230426082319.9
041 0 |a slo 
044 |a SK 
245 1 0 |a Jednostranné akty štátov ako prameň medzinárodného práva  |b bakalárska práca  |c Miroslav Horváth ; školiteľ: Dorota Harakaľová 
264 1 |a Bratislava  |c 2022 
300 |a 39 s. 
100 1 |a Horváth, Miroslav 
700 1 |a Harakaľová, Dorota, 1989- 
710 2 |a Fakulta medzinárodných vzťahov EU. Katedra medzinárodného práva